000 01204cab a2200217 4500
001 ABS55180
008 090401t1996 xxu||||| |||| 00| 0 eng d
035 _a(Sirsi) u14682
041 _aeng
100 _aBaker, C.
245 _aChanges to housing legislation
260 _c1996
350 _a0
490 _aSolicitors` Journal
_v140(21) 31 May 1996, 540-542(3)
520 _aSummary of the provisions of the Housing Bill and the Housing Grants, Construction and Regeneration Bill. The provisions of the Housing Bill are a framework for homelessness, further promotion of assured shorthold tenancies, powers for housing authorities and HATs to grant introductory tenancies, new grounds and procedures for obtaining possession in respect of anti-social behaviour and a new framework for the social rented sector. The Housing Grants Bill provides a new framework for renewal of private sector housing, introduces deferred action by local authorities in respect of unfit housing, creates a statutory footing for the Single Regeneration Budget.
650 _aHOUSING BILL
650 _aHOUSING GRANTS CONSTRUCTION AND REGENERATION BILL
690 _aHOUSING
942 _n0
948 _c04/03/1997
999 _c9581
_d9581